000 00790nam a2200205 a 4500
001 000017171
005 20240412074245.0
008 100319s1942 dr 000 p spa d
040 _aDO-SdBNP
_bspa
_cBNPHU
082 _aRD861.44
_bP861L
100 1 _aPotentini, Trajano Ig.
_937802
245 1 0 _aLabor trujillista :
_bversos /
_cTrajano Ig. Potentini.
260 _aAzua :
_b[s.n.],
_c1942.
300 _a36 p. ;
_c21 cm.
500 _aHomenaje al Generalísimo Dr. Rafael Leonidas Trujillo Molina, Hon. Presidente de la República, benefactor de la Patria, restaurador de la independencia financiera y creador de la Patria Nueva
650 4 _aPoesía política dominicana
_925937
650 0 _aLiteratura dominicana.
_967
910 _aValidado. Control de calidad MFF
049 _aBNPD
999 _c16697
_d16697